[Event "WYCC U18 Open 2019"]
[Site "Mumbai"]
[Date "2019.10.11"]
[Round "10.11"]
[White "Wang, Shixu B"]
[Black "Sibi Visal R"]
[Result "1-0"]
[WhiteElo "2370"]
[BlackElo "2064"]
[Annotator "NA"]
[PlyCount "113"]
[EventDate "2019.10.02"]
[EventType "swiss"]
[EventCountry "IND"]
[SourceTitle "playchess.com"]
[Source "ChessBase"]
[SourceQuality "1"]
[TimeControl "40/5400+30:1800+30"]

1. d4 {[%emt 0:00:00]} Nf6 {[%emt 0:00:00]} 2. c4 {[%emt 0:00:00]} e6 {[%emt 0:00:00]} 3. Nf3 {[%emt 0:00:00]} d5 {[%emt 0:00:00]} 4. Nc3 {[%emt 0:00:31]} Be7 {[%emt 0:00:00]} 5. Bg5 {[%emt 0:01:00]} O-O {[%emt 0:00:00]} 6. e3 {[%emt 0:00:15]} h6 {[%emt 0:00:00]} 7. Bh4 {[%emt 0:00:29]} b6 {[%emt 0:00:00]} 8. Be2 {[%emt 0:03:27]} Bb7 {[%emt 0:00:08]} 9. Bxf6 {[%emt 0:00:06]} Bxf6 {[%emt 0:00:05]} 10. cxd5 {[%emt 0:00:04]} exd5 {[%emt 0:00:27]} 11. b4 {[%emt 0:00:37]} c5 {[%emt 0:01:13]} 12. bxc5 {[%emt 0:00:17]} bxc5 {[%emt 0:00:02]} 13. Rb1 {[%emt 0:00:19]} Bc6 {[%emt 0:00:33]} 14. O-O {[%emt 0:00:23]} Nd7 {[%emt 0:00:22]} 15. Bb5 {[%emt 0:03:11]} Bxb5 {[%emt 0:01:58]} 16. Rxb5 {[%emt 0:00:16]} a6 {[%emt 0:01:55]} 17. Rb3 {[%emt 0:25:24]} cxd4 {[%emt 0:00:45]} 18. Nxd4 {[%emt 0:02:29]} Nc5 {[%emt 0:02:56]} 19. Ra3 {[%emt 0:00:10]} Ne4 {[%emt 0:01:58]} 20. Nxe4 {[%emt 0:02:57]} dxe4 {[%emt 0:00:02]} 21. Ra4 {[%emt 0:00:09]} Qd7 {[%emt 0:04:30]} 22. Ne2 {[%emt 0:00:58]} Qc6 {[%emt 0:10:40]} 23. Ng3 {[%emt 0:00:14]} Rfe8 {[%emt 0:01:35]} 24. Qb3 {[%emt 0:00:45]} Be5 {[%emt 0:04:35]} 25. Rxe4 {[%emt 0:05:30]} Bxg3 {[%emt 0:00:02]} 26. Rxe8+ {[%emt 0:00:08]} Rxe8 {[%emt 0:00:04]} 27. hxg3 {[%emt 0:00:07]} Rd8 {[%emt 0:00:05]} 28. Rd1 {[%emt 0:00:36]} Rxd1+ {[%emt 0:00:35]} 29. Qxd1 {[%emt 0:00:03]} g6 {[%emt 0:02:49]} 30. a4 {[%emt 0:01:33]} Qc4 {[%emt 0:01:34]} 31. Qd8+ {[%emt 0:00:38]} Kh7 {[%emt 0:00:08]} 32. Qd4 {[%emt 0:01:59]} Qe2 {[%emt 0:00:59]} 33. e4 {[%emt 0:04:05]} h5 {[%emt 0:02:24]} 34. e5 {[%emt 0:04:43]} Qe1+ {[%emt 0:01:27]} 35. Kh2 {[%emt 0:00:07]} Qe2 {[%emt 0:00:01]} 36. Qf4 {[%emt 0:00:27]} Kg8 {[%emt 0:00:09]} 37. Kh3 {[%emt 0:00:18]} Qd1 {[%emt 0:00:58]} 38. Kh4 {[%emt 0:05:18]} Qd7 {[%emt 0:06:39]} 39. Kg5 {[%emt 0:07:59]} Kh7 {[%emt 0:00:13]} 40. a5 {[%emt 0:07:01]} Qe6 {[%emt 0:11:21]} 41. f3 {[%emt 0:30:56]} Qe7+ {[%emt 0:44:15]} 42. Qf6 {[%emt 0:00:06]} Qd7 {[%emt 0:00:00]} 43. Kh4 {[%emt 0:17:49]} Qd5 {[%emt 0:05:04]} 44. Qe7 {[%emt 0:03:59]} Kh6 {[%emt 0:09:38]} 45. Qf8+ {[%emt 0:04:09]} Kh7 {[%emt 0:02:08]} 46. Qe8 {[%emt 0:00:00]} Kg7 {[%emt 0:00:00]} 47. Qe7 {[%emt 0:00:00]} Kh6 {[%emt 0:00:00]} 48. Qg5+ {[%emt 0:00:00]} Kg7 {[%emt 0:00:00]} 49. Qf6+ {[%emt 0:00:00]} Kh7 {[%emt 0:00:00]} 50. Qf4 {[%emt 0:00:00]} Qe6 {[%emt 0:00:00]} 51. Qf6 {[%emt 0:00:00]} Qd5 {[%emt 0:00:00]} 52. g4 {[%emt 0:00:00]} hxg4 {[%emt 0:00:00]} 53. Kxg4 {[%emt 0:00:00]} Qd4+ {[%emt 0:00:00]} 54. Kg3 {[%emt 0:00:00]} Qc4 {[%emt 0:00:00]} 55. Qh4+ {[%emt 0:00:00]} Qxh4+ {[%emt 0:00:00]} 56. Kxh4 {[%emt 0:00:00]} Kh6 {[%emt 0:00:00]} 57. f4 {[%emt 0:00:00]} 1-0

[Event "WYCC U18 Open 2019"]
[Site "Mumbai"]
[Date "2019.10.11"]
[Round "10.12"]
[White "Gumularz, Szymon"]
[Black "Stijve, Theo"]
[Result "1-0"]
[WhiteElo "2505"]
[BlackElo "2293"]
[Annotator "ChessBase"]
[PlyCount "67"]
[EventDate "2019.10.02"]
[EventType "swiss"]
[EventCountry "IND"]
[SourceTitle "playchess.com"]
[Source "ChessBase"]
[SourceQuality "1"]
[TimeControl "40/5400+30:1800+30"]

1. e4 {[%emt 0:00:00]} c5 {[%emt 0:00:01]} 2. Nf3 {[%emt 0:00:00]} e6 {[%emt 0:00:06]} 3. d4 {[%emt 0:00:00]} cxd4 {[%emt 0:00:07]} 4. Nxd4 {[%emt 0:00:00]} Nc6 {[%emt 0:00:09]} 5. Nc3 {[%emt 0:00:00]} Qc7 {[%emt 0:00:05]} 6. Be3 {[%emt 0:00:04]} a6 {[%emt 0:00:07]} 7. Be2 {[%emt 0:00:04]} Nf6 {[%emt 0:00:09]} 8. O-O {[%emt 0:00:05]} Bb4 {[%emt 0:00:08]} 9. Na4 O-O {[%emt 0:00:16]} 10. c4 {[%emt 0:01:36]} Be7 {[%emt 0:00:21]} 11. Nc3 {[%emt 0:00:11]} b6 {[%emt 0:04:35]} 12. Rc1 {[%emt 0:00:36]} Bb7 {[%emt 0:00:35]} 13. f3 {[%emt 0:00:15]} Rfd8 {[%emt 0:05:37]} 14. Nb3 {[%emt 0:06:28]} d5 {[%emt 0:24:00]} 15. cxd5 {[%emt 0:07:38]} exd5 {[%emt 0:00:12]} 16. exd5 {[%emt 0:01:07]} Bb4 {[%emt 0:14:59]} 17. Bd3 {[%emt 0:08:35]} Ne5 {[%emt 0:07:13]} 18. Ne4 {[%emt 0:01:36]} Qe7 {[%emt 0:01:17]} 19. Nxf6+ {[%emt 0:00:14]} Qxf6 {[%emt 0:04:42]} 20. Be4 {[%emt 0:00:16]} Qd6 {[%emt 0:07:04]} 21. a3 {[%emt 0:03:48]} Ba5 {[%emt 0:01:07]} 22. Nd4 {[%emt 0:24:45]} b5 {[%emt 0:01:09]} 23. Nf5 {[%emt 0:01:59]} Qf6 {[%emt 0:01:53]} 24. d6 {[%emt 0:00:42]} Rd7 {[%emt 0:13:18]} 25. Bxb7 {[%emt 0:04:59]} Rxb7 {[%emt 0:01:47]} 26. Qd5 {[%emt 0:00:08]} Qxf5 {[%emt 0:08:51]} 27. Qxb7 {[%emt 0:00:07]} Rd8 {[%emt 0:00:15]} 28. b4 {[%emt 0:01:09]} Rd7 {[%emt 0:02:21]} 29. Rc8+ {[%emt 0:00:24]} Bd8 {[%emt 0:00:10]} 30. Qa8 {[%emt 0:00:35]} Qf6 {[%emt 0:01:46]} 31. Bb6 {[%emt 0:00:12]} Nd3 {[%emt 0:00:35]} 32. Rxd8+ {[%emt 0:00:11]} Rxd8 {[%emt 0:00:09]} 33. Qb8 Rc8 {[%emt 0:00:35]} 34. Qxc8+ {[%emt 0:00:36]} 1-0

[Event "WYCC U18 Open 2019"]
[Site "Mumbai"]
[Date "2019.10.11"]
[Round "10.13"]
[White "Raghunandan, Kaumandur Srihari"]
[Black "Omorjan, Dejan"]
[Result "1-0"]
[WhiteElo "2449"]
[BlackElo "2252"]
[Annotator "NA"]
[PlyCount "91"]
[EventDate "2019.10.02"]
[EventType "swiss"]
[EventCountry "IND"]
[SourceTitle "playchess.com"]
[Source "ChessBase"]
[SourceQuality "1"]
[TimeControl "40/5400+30:1800+30"]

1. e4 c6 2. d4 d5 3. e5 Bf5 4. Nd2 e6 5. Nb3 Nd7 6. Nf3 Ne7 7. Be2 Nc8 8. a4 Be7 9. O-O O-O 10. Be3 Bg4 11. Ne1 Bxe2 12. Qxe2 Ncb6 13. Nd2 a5 14. Nd3 Rc8 15. Qg4 f5 16. exf6 Rxf6 17. Nf4 Nf8 18. Nf3 Nc4 19. Ne5 Nxe5 20. dxe5 Rf7 21. c4 d4 22. Rad1 c5 23. Bc1 Qd7 24. b3 Rf5 25. Rfe1 Bd8 26. Nd3 b6 27. Qe4 h5 28. g3 Qc6 29. f4 Qxe4 30. Rxe4 Nh7 31. h3 g5 32. Rf1 gxf4 33. Rexf4 Rg5 34. Kh2 Bc7 35. Rh4 Rg7 36. Rxh5 Rf8 37. Rxf8+ Nxf8 38. Rg5 Ng6 39. h4 Kh7 40. h5 Nxe5 41. Rxe5 Bxe5 42. Nxe5 Rg8 43. Kg2 Rd8 44. g4 d3 45. Bd2 Rd4 46. Kf3 1-0

[Event "WYCC U18 Open 2019"]
[Site "Mumbai"]
[Date "2019.10.11"]
[Round "10.14"]
[White "Vanczak, Tamas"]
[Black "Petriashvili, Nikoloz"]
[Result "1/2-1/2"]
[WhiteElo "2327"]
[BlackElo "2441"]
[Annotator "TA"]
[PlyCount "79"]
[EventDate "2019.10.02"]
[EventType "swiss"]
[EventCountry "IND"]
[SourceTitle "playchess.com"]
[Source "ChessBase"]
[SourceQuality "1"]

{[%evp 18,79,14,24,32,18,22,23,33,6,28,0,10,0,4,0,0,0,0,0,0,0,0,0,35,25,187,42,70,0,0,0,0,0,0,0,0,0,0,0,0,0,0,0,0,0,0,0,0,0,0,0,0,0,0,0,0,0,0,0,0,0,0,0]} 1. d4 Nf6 2. Bg5 g6 3. Bxf6 exf6 4. c4 Bg7 5. Nc3 O-O 6. g3 f5 7. Bg2 d6 8. e3 Nd7 9. Nge2 c6 10. O-O a5 {[%cal Ba7a5,Ba5a4][%mdl 32] A45: Trompowsky Attack} 11. b3 Re8 12. a3 Nb6 {White has an edge.} 13. Qd3 Be6 $146 ({Predecessor:} 13... Nd7 14. b4 axb4 15. axb4 Rxa1 16. Rxa1 Nf6 17. Rd1 {1-0 (35) Hodgson,J (2580)-Van de Mortel,J (2335) Amsterdam 1994}) 14. Rac1 a4 15. d5 cxd5 $1 16. cxd5 Bd7 17. b4 Rc8 18. Nb5 Qe7 19. Ned4 Qe5 20. Nc7 Rf8 21. Rc2 Bf6 $2 {[#]} (21... h5 $11 {and Black has nothing to worry.}) 22. Rfc1 ({Only move:} 22. Nde6 $1 $18 {[%mdl 512] aiming for f4.} Be7 (22... Bxe6 23. f4) 23. Nxf8 Kxf8 24. f4) 22... Qe7 23. Ncb5 ({White should try} 23. Qd2 $14) 23... Rxc2 $11 {The position is equal.} 24. Rxc2 Rc8 25. Rxc8+ Bxc8 26. Qc2 Qd8 27. Qc1 Kf8 28. f4 Ke7 29. Kf2 Kf8 30. Qc2 Qe7 31. Bf3 Bd7 32. Qc7 Bxb5 $1 33. Qxb6 Bxd4 34. Qxd4 {[%cal Rd4h8]} Qc7 {Threatens to win with ...Qc2+.} 35. Qd2 Ba6 36. Qb2 $1 {b5 is the strong threat.} Qc4 {[%csl Ga6][%cal Rc4f1]} 37. Be2 Qxe2+ 38. Qxe2 Bxe2 39. Kxe2 b5 $1 40. Kd3 {Accuracy: White = 52%, Black = 53%.} 1/2-1/2

[Event "WYCC U18 Open 2019"]
[Site "Mumbai"]
[Date "2019.10.11"]
[Round "10.15"]
[White "Beukema, Jasper"]
[Black "Kozak, Antoni"]
[Result "0-1"]
[WhiteElo "2265"]
[BlackElo "2354"]
[Annotator "NA"]
[PlyCount "54"]
[EventDate "2019.10.02"]
[EventType "swiss"]
[EventCountry "IND"]
[SourceTitle "playchess.com"]
[Source "ChessBase"]
[SourceQuality "1"]
[TimeControl "40/5400+30:1800+30"]

1. d4 {[%emt 0:00:00]} d5 {[%emt 0:00:00]} 2. c4 {[%emt 0:00:00]} dxc4 {[%emt 0:00:00]} 3. Nc3 {[%emt 0:00:10]} a6 {[%emt 0:04:18]} 4. a4 {[%emt 0:00:50]} Nc6 {[%emt 0:03:34]} 5. Nf3 {[%emt 0:01:27]} Bg4 {[%emt 0:06:36]} 6. e3 {[%emt 0:03:36]} Na5 {[%emt 0:03:39]} 7. h3 {[%emt 0:02:13]} Bxf3 {[%emt 0:00:51]} 8. Qxf3 {[%emt 0:00:36]} Nf6 {[%emt 0:05:35]} 9. Bd2 {[%emt 0:02:07]} e6 {[%emt 0:04:11]} 10. Rd1 {[%emt 0:00:19]} Bb4 {[%emt 0:01:34]} 11. g4 {[%emt 0:08:56]} c6 {[%emt 0:10:02]} 12. Bg2 {[%emt 0:13:40]} O-O {[%emt 0:06:58]} 13. O-O {[%emt 0:00:57]} Qe7 {[%emt 0:04:16]} 14. e4 {[%emt 0:05:20]} e5 {[%emt 0:02:04]} 15. d5 {[%emt 0:18:10]} Nb3 {[%emt 0:06:12]} 16. dxc6 {[%emt 0:11:28]} Nd4 {[%emt 0:00:44]} 17. Qe3 {[%emt 0:00:11]} bxc6 {[%emt 0:00:13]} 18. Kh1 {[%emt 0:00:43]} Nd7 {[%emt 0:03:29]} 19. f4 {[%emt 0:02:31]} Bc5 {[%emt 0:00:13]} 20. Qg3 {[%emt 0:03:24]} Rab8 {[%emt 0:01:38]} 21. Rb1 {[%emt 0:05:11]} Nb3 {[%emt 0:02:09]} 22. Rfd1 {[%emt 0:01:20]} Nxd2 {[%emt 0:00:37]} 23. Rxd2 {[%emt 0:00:21]} exf4 {[%emt 0:00:03]} 24. Qxf4 {[%emt 0:00:36]} Ne5 {[%emt 0:00:04]} 25. Bf1 {[%emt 0:01:35]} Rb3 {[%emt 0:02:00]} 26. Rc1 {[%emt 0:07:44]} Rfb8 {[%emt 0:00:25]} 27. Nd1 {[%emt 0:01:58]} Rf3 {[%emt 0:00:20]} 0-1

[Event "WYCC U18 Open 2019"]
[Site "Mumbai"]
[Date "2019.10.11"]
[Round "10.16"]
[White "Chylewski, Patryk"]
[Black "Panesar Vedant"]
[Result "1/2-1/2"]
[WhiteElo "2348"]
[BlackElo "2219"]
[Annotator "NA"]
[PlyCount "99"]
[EventDate "2019.10.02"]
[EventType "swiss"]
[EventCountry "IND"]
[SourceTitle "playchess.com"]
[Source "ChessBase"]
[SourceQuality "1"]
[TimeControl "40/5400+30:1800+30"]

1. d4 {[%emt 0:00:00]} Nf6 {[%emt 0:00:00]} 2. c4 {[%emt 0:00:00]} e6 {[%emt 0:00:00]} 3. Nf3 {[%emt 0:03:03]} d5 {[%emt 0:00:00]} 4. Nc3 {[%emt 0:00:06]} Bb4 {[%emt 0:00:00]} 5. Qb3 {[%emt 0:00:05]} c5 {[%emt 0:07:59]} 6. dxc5 {[%emt 0:00:06]} Nc6 {[%emt 0:00:38]} 7. Bg5 {[%emt 0:02:15]} h6 {[%emt 0:05:09]} 8. Bxf6 {[%emt 0:02:24]} Qxf6 {[%emt 0:01:04]} 9. cxd5 {[%emt 0:03:54]} exd5 {[%emt 0:00:03]} 10. e3 {[%emt 0:00:34]} Be6 {[%emt 0:06:08]} 11. Bb5 {[%emt 0:02:15]} Bxc5 {[%emt 0:02:41]} 12. O-O {[%emt 0:15:41]} O-O {[%emt 0:01:17]} 13. Qa4 {[%emt 0:00:43]} Ne5 {[%emt 0:03:29]} 14. Be2 {[%emt 0:04:42]} Rad8 {[%emt 0:05:35]} 15. Rad1 {[%emt 0:03:08]} Nxf3+ {[%emt 0:11:30]} 16. Bxf3 {[%emt 0:00:14]} Qe5 {[%emt 0:00:26]} 17. Ne2 {[%emt 0:11:26]} Qxb2 {[%emt 0:04:39]} 18. Rb1 {[%emt 0:01:11]} Qe5 {[%emt 0:00:02]} 19. Rxb7 {[%emt 0:02:43]} Rb8 {[%emt 0:04:06]} 20. Rxb8 {[%emt 0:02:48]} Rxb8 {[%emt 0:00:01]} 21. Rd1 {[%emt 0:03:13]} Rb2 {[%emt 0:04:51]} 22. Qa5 {[%emt 0:04:59]} Bb6 {[%emt 0:04:49]} 23. Qa3 {[%emt 0:06:29]} Rc2 {[%emt 0:04:43]} 24. Qb3 {[%emt 0:02:49]} Qb2 {[%emt 0:02:15]} 25. Qxb2 {[%emt 0:02:52]} Rxb2 {[%emt 0:00:45]} 26. a4 {[%emt 0:05:01]} Rb4 {[%emt 0:01:35]} 27. Ra1 {[%emt 0:04:13]} Bd7 {[%emt 0:05:00]} 28. Nc3 {[%emt 0:09:50]} d4 {[%emt 0:00:34]} 29. Nd5 {[%emt 0:00:15]} Rxa4 {[%emt 0:00:01]} 30. Rxa4 {[%emt 0:01:30]} Bxa4 {[%emt 0:00:02]} 31. Nxb6 {[%emt 0:00:03]} axb6 {[%emt 0:00:07]} 32. exd4 {[%emt 0:00:04]} Bb5 {[%emt 0:03:00]} 33. Bd5 {[%emt 0:00:48]} Kf8 {[%emt 0:00:47]} 34. f4 {[%emt 0:01:37]} Ke7 {[%emt 0:00:13]} 35. Kf2 {[%emt 0:00:04]} f6 {[%emt 0:00:15]} 36. Ke3 {[%emt 0:00:14]} Kd6 {[%emt 0:00:02]} 37. Bg8 {[%emt 0:02:55]} Bc6 {[%emt 0:00:12]} 38. g3 {[%emt 0:00:26]} Bd5 {[%emt 0:00:56]} 39. Bh7 {[%emt 0:00:05]} b5 {[%emt 0:01:28]} 40. Kd2 {[%emt 0:04:17]} b4 {[%emt 0:00:15]} 41. Bd3 {[%emt 0:02:08]} Be6 {[%emt 0:01:53]} 42. Be4 {[%emt 0:01:13]} Bd5 {[%emt 0:00:04]} 43. Bd3 {[%emt 0:00:05]} g5 {[%emt 0:00:08]} 44. fxg5 {[%emt 0:03:09]} fxg5 {[%emt 0:00:30]} 45. Kc2 {[%emt 0:04:22]} Kc6 {[%emt 0:01:13]} 46. Kb2 {[%emt 0:03:55]} Bf7 {[%emt 0:01:10]} 47. Be4+ {[%emt 0:00:39]} Kb5 {[%emt 0:00:03]} 48. Bd3+ {[%emt 0:00:06]} Bc4 {[%emt 0:00:07]} 49. Be4 {[%emt 0:00:46]} Be2 {[%emt 0:00:10]} 50. Bd5 {[%emt 0:00:26]} 1/2-1/2

[Event "WYCC U18 Open 2019"]
[Site "Mumbai"]
[Date "2019.10.12"]
[Round "11.1"]
[White "Praggnanandhaa R"]
[Black "Buckels, Valentin"]
[Result "1/2-1/2"]
[WhiteElo "2567"]
[BlackElo "2442"]
[Annotator "ChessBase"]
[PlyCount "68"]
[EventDate "2019.10.02"]
[EventType "swiss"]
[EventCountry "IND"]
[SourceTitle "playchess.com"]
[Source "ChessBase"]
[SourceQuality "1"]
[TimeControl "40/5400+30:1800+30"]

1. e4 {[%emt 0:00:03]} e5 {[%emt 0:00:00]} 2. Nf3 {[%emt 0:00:04]} Nc6 {[%emt 0:00:00]} 3. Bc4 {[%emt 0:00:26]} Bc5 {[%emt 0:00:00]} 4. O-O {[%emt 0:00:23]} Nf6 {[%emt 0:02:27]} 5. d3 {[%emt 0:00:07]} h6 {[%emt 0:00:22]} 6. c3 {[%emt 0:02:03]} d6 {[%emt 0:00:23]} 7. Re1 {[%emt 0:01:45]} O-O {[%emt 0:03:18]} 8. h3 {[%emt 0:02:44]} a5 {[%emt 0:00:49]} 9. Bb3 {[%emt 0:01:36]} Be6 {[%emt 0:13:35]} 10. Ba4 {[%emt 0:00:57]} Bd7 {[%emt 0:01:35]} 11. d4 {[%emt 0:06:59]} Ba7 {[%emt 0:02:35]} 12. Bc2 {[%emt 0:00:34]} Re8 {[%emt 0:06:06]} 13. a4 {[%emt 0:10:05]} exd4 {[%emt 0:09:15]} 14. cxd4 {[%emt 0:00:53]} d5 {[%emt 0:01:53]} 15. e5 {[%emt 0:19:07]} Ne4 {[%emt 0:01:26]} 16. Nc3 {[%emt 0:02:12]} Bf5 {[%emt 0:05:58]} 17. Nxe4 {[%emt 0:07:54]} Bxe4 {[%emt 0:01:47]} 18. Bxe4 {[%emt 0:00:41]} dxe4 {[%emt 0:00:05]} 19. Rxe4 {[%emt 0:00:06]} Qd5 {[%emt 0:06:08]} 20. Qd3 {[%emt 0:13:30]} f5 {[%emt 0:08:19]} 21. Re1 {[%emt 0:02:08]} Nxd4 22. Nxd4 {[%emt 0:00:32]} Bxd4 {[%emt 0:02:27]} 23. Be3 {[%emt 0:00:47]} Rad8 {[%emt 0:10:42]} 24. Bxd4 {[%emt 0:05:17]} Qxd4 {[%emt 0:00:07]} 25. Qxf5 {[%emt 0:01:11]} Rd5 {[%emt 0:03:55]} 26. Qc2 {[%emt 0:01:08]} Rexe5 {[%emt 0:04:19]} 27. Qxc7 {[%emt 0:02:11]} Qxb2 {[%emt 0:02:08]} 28. Rab1 {[%emt 0:01:25]} Rxe1+ {[%emt 0:01:35]} 29. Rxe1 {[%emt 0:00:03]} Rf5 {[%emt 0:01:46]} 30. Re8+ {[%emt 0:02:43]} Kh7 {[%emt 0:00:25]} 31. Rh8+ {[%emt 0:00:23]} Kxh8 {[%emt 0:00:08]} 32. Qc8+ {[%emt 0:00:02]} Kh7 {[%emt 0:00:06]} 33. Qxf5+ {[%emt 0:00:03]} Kh8 {[%emt 0:00:31]} 34. Qxa5 {[%emt 0:00:12]} Qc1+ {[%emt 0:00:06]} 1/2-1/2

[Event "WYCC U18 Open 2019"]
[Site "Mumbai"]
[Date "2019.10.12"]
[Round "11.2"]
[White "Arjun Kalyan"]
[Black "Sargsyan, Shant"]
[Result "1/2-1/2"]
[WhiteElo "2483"]
[BlackElo "2580"]
[Annotator "ChessBase"]
[PlyCount "50"]
[EventDate "2019.10.02"]
[EventType "swiss"]
[EventCountry "IND"]
[SourceTitle "playchess.com"]
[Source "ChessBase"]
[SourceQuality "1"]
[TimeControl "40/5400+30:1800+30"]

1. e4 {[%emt 0:00:00]} c6 2. d4 {[%emt 0:00:00]} d5 {[%emt 0:04:52]} 3. e5 {[%emt 0:00:03]} Bf5 {[%emt 0:00:37]} 4. h4 {[%emt 0:00:25]} h5 {[%emt 0:00:36]} 5. Bd3 {[%emt 0:00:22]} Bxd3 {[%emt 0:00:09]} 6. Qxd3 {[%emt 0:00:06]} e6 {[%emt 0:00:08]} 7. Bg5 {[%emt 0:00:16]} Be7 {[%emt 0:01:04]} 8. Nf3 {[%emt 0:00:32]} Nh6 {[%emt 0:00:45]} 9. Bxh6 {[%emt 0:00:18]} Rxh6 {[%emt 0:00:20]} 10. Nbd2 {[%emt 0:00:13]} Nd7 {[%emt 0:03:21]} 11. g3 {[%emt 0:01:29]} Qb6 {[%emt 0:03:16]} 12. O-O {[%emt 0:00:38]} Rg6 {[%emt 0:04:34]} 13. c3 {[%emt 0:05:03]} c5 {[%emt 0:08:46]} 14. b4 {[%emt 0:13:07]} cxd4 {[%emt 0:02:57]} 15. cxd4 {[%emt 0:00:07]} Bxb4 {[%emt 0:18:08]} 16. Rab1 {[%emt 0:09:51]} Qa5 {[%emt 0:00:41]} 17. Rfc1 {[%emt 0:00:53]} Rb8 {[%emt 0:06:35]} 18. Nb3 {[%emt 0:08:08]} Qd8 {[%emt 0:00:40]} 19. Rc2 {[%emt 0:18:17]} Be7 {[%emt 0:01:20]} 20. Rbc1 {[%emt 0:05:51]} Ba3 {[%emt 0:01:04]} 21. Rb1 {[%emt 0:00:14]} Be7 {[%emt 0:00:12]} 22. Rbc1 {[%emt 0:02:31]} Ba3 {[%emt 0:03:29]} 23. Rb1 {[%emt 0:01:41]} Be7 {[%emt 0:00:36]} 24. Rbc1 {[%emt 0:00:12]} Ba3 {[%emt 0:00:10]} 25. Rb1 {[%emt 0:00:10]} Be7 {[%emt 0:00:12]} 1/2-1/2

[Event "WYCC U18 Open 2019"]
[Site "Mumbai"]
[Date "2019.10.12"]
[Round "11.3"]
[White "Davtyan, Artur"]
[Black "Gholami, Aryan"]
[Result "1-0"]
[WhiteElo "2418"]
[BlackElo "2554"]
[Annotator "ChessBase"]
[PlyCount "95"]
[EventDate "2019.10.02"]
[EventType "swiss"]
[EventCountry "IND"]
[SourceTitle "playchess.com"]
[Source "ChessBase"]
[SourceQuality "1"]
[TimeControl "40/5400+30:1800+30"]

1. d4 {[%emt 0:00:00]} Nf6 {[%emt 0:00:00]} 2. c4 {[%emt 0:00:29]} e6 {[%emt 0:00:10]} 3. Nf3 {[%emt 0:00:04]} Bb4+ {[%emt 0:01:10]} 4. Bd2 {[%emt 0:02:32]} Qe7 {[%emt 0:00:25]} 5. g3 {[%emt 0:03:19]} Nc6 {[%emt 0:00:18]} 6. e3 {[%emt 0:05:54]} Bxd2+ {[%emt 0:07:17]} 7. Qxd2 {[%emt 0:00:27]} d6 {[%emt 0:07:27]} 8. Nc3 {[%emt 0:11:10]} e5 {[%emt 0:03:00]} 9. Bg2 {[%emt 0:11:18]} e4 {[%emt 0:01:47]} 10. Ng1 {[%emt 0:03:55]} d5 {[%emt 0:08:21]} 11. Nxd5 {[%emt 0:03:08]} Nxd5 {[%emt 0:00:07]} 12. cxd5 {[%emt 0:00:01]} Nb4 {[%emt 0:00:11]} 13. d6 {[%emt 0:00:19]} Qxd6 {[%emt 0:01:32]} 14. Bxe4 {[%emt 0:02:00]} Qe6 {[%emt 0:01:46]} 15. Bg2 {[%emt 0:04:17]} Qc4 {[%emt 0:00:30]} 16. b3 {[%emt 0:04:21]} Qb5 {[%emt 0:00:32]} 17. Ne2 {[%emt 0:01:02]} Nd3+ {[%emt 0:01:26]} 18. Kf1 {[%emt 0:00:54]} Bf5 {[%emt 0:00:07]} 19. e4 {[%emt 0:04:19]} Bg6 {[%emt 0:00:08]} 20. Kg1 {[%emt 0:13:05]} O-O-O {[%emt 0:02:42]} 21. Rd1 {[%emt 0:05:08]} Nb4 {[%emt 0:04:16]} 22. Nc3 {[%emt 0:00:01]} Qb6 {[%emt 0:04:09]} 23. h3 {[%emt 0:03:00]} f5 {[%emt 0:02:16]} 24. Na4 {[%emt 0:04:36]} Qb5 {[%emt 0:01:20]} 25. e5 {[%emt 0:01:08]} Nc6 {[%emt 0:00:41]} 26. Qe3 {[%emt 0:00:33]} f4 {[%emt 0:03:50]} 27. gxf4 {[%emt 0:00:24]} Nb4 {[%emt 0:00:20]} 28. Nc3 {[%emt 0:00:52]} Qa5 {[%emt 0:00:10]} 29. d5 {[%emt 0:00:50]} Rhf8 {[%emt 0:01:09]} 30. Kh2 {[%emt 0:03:15]} Nc2 {[%emt 0:00:22]} 31. Qd2 {[%emt 0:00:52]} Nb4 {[%emt 0:00:51]} 32. Na4 {[%emt 0:01:50]} Qb5 {[%emt 0:00:28]} 33. Qd4 {[%emt 0:01:04]} Kb8 {[%emt 0:02:22]} 34. Nc3 {[%emt 0:00:14]} Qa5 {[%emt 0:00:05]} 35. Na4 {[%emt 0:07:08]} Nxd5 {[%emt 0:06:08]} 36. Bxd5 {[%emt 0:00:26]} c6 {[%emt 0:00:04]} 37. Qc5 {[%emt 0:01:14]} Qxc5 {[%emt 0:00:30]} 38. Nxc5 {[%emt 0:00:02]} cxd5 {[%emt 0:00:07]} 39. Ne6 {[%emt 0:00:04]} Be4 {[%emt 0:00:14]} 40. Rhf1 {[%emt 0:01:27]} Rfe8 {[%emt 0:00:31]} 41. Nxd8 {[%emt 0:30:09]} Rxd8 {[%emt 0:30:10]} 42. Rd4 {[%emt 0:00:16]} g6 {[%emt 0:01:23]} 43. Rfd1 {[%emt 0:00:47]} Rf8 {[%emt 0:00:18]} 44. Kg3 {[%emt 0:00:02]} Rc8 {[%emt 0:00:29]} 45. f3 {[%emt 0:00:34]} Rc3 {[%emt 0:00:08]} 46. Rxe4 {[%emt 0:01:11]} dxe4 {[%emt 0:00:07]} 47. e6 {[%emt 0:00:04]} Rxf3+ {[%emt 0:01:53]} 48. Kg2 {[%emt 0:00:50]} 1-0